000 00969nam a2200265Ia 4500
003 OSt
005 20220923211225.0
006 a|||||r|||| 00| 0
007 ta
008 220922b |||||||| |||| 00| 0 hin d
020 _a9788170286387 (hbk)
_c500
024 _a261,562
037 _b234, 30/09/2011, Eastern Book Linkers
_cTextual
040 _aARTS
_cARTS
_bhin
041 _2hin
_ahin
082 _aXxN33x, 152P5
100 _aसेन, अमर्त्य
_9159931
245 0 _aभारतीय अर्थतन्त्र इतिहास और संस्कृति
246 _aBhāratīya arthatantra itihās aur sanskṛuti
260 _aदिल्ली
_b राजपाल
_c2005
300 _a326पृ.
_ccm.
650 _aअर्थशास्त्र
_9159932
942 _hXxN33x, 152P5
_cTEXL
_2CC
999 _c297216
_d297216